| 000 | 00685nam a2200193 4500 | ||
|---|---|---|---|
| 001 | 121032 | ||
| 003 | ES-MaACL | ||
| 005 | 20230906191655.0 | ||
| 007 | t| | ||
| 008 | 070214s1977 sp r ||||1| spa d | ||
| 111 | 2 |
_aPremios Ciudad Alcalá de Henares ( _d1977) ( _n. 7º) _9218755 |
|
| 245 | 1 | 0 |
_aVII Premios `Ciudad Alcalá de Henares` / _cJosé César Alvarez [et al.]. |
| 260 |
_aAlcalá de Henares : _bAyuntamiento, Comisión de Cultura, _c1977. |
||
| 300 |
_a71 p. : _bil. ; _c24 cm. |
||
| 700 | 1 |
_aAlvarez, José César. _920646 |
|
| 710 | 1 |
_aAlcalá de Henares. _bAyuntamiento. _bComisión de Cultura. _91318 |
|
| 852 |
_aES-MaACL _jL-12870 _bR.114545 |
||
| 999 |
_c121032 _d121032 |
||